00981nam a2200241 a 450000100100000000500170001000800410002704000250006808200210009310000350011424501890014925000110033826000360034930000360038549000270042150000320044870000420048070000400052283000320056204900090059495201190060399900170072200002742120200930030824.0110331s1986 dr 000 0 spa d aDO-SdBNPbspacBNPHU axxxxbE79h, 19861 aEstella, José Ramón95448810aHistoria gráfica de la República Dominicana /cJosé Ramón Estella; ilustraciones de José Alloza Villagrasa; edición, notas, cronología e índices José Israel Cuello H. a2a ed. aSanto Domingo :bTaller,c1986. a418 p. :bil., retrs. ;c28 cm.1 aBiblioteca Tallerv167 aIncluye índice de autores1 aAlloza Villagrasa, Joséeil.9544891 aCuello H., José Israeleed.96298 0aBiblioteca Tallerv1679164 aBNPD 0010718PDaPDbPDcCTd2011-03-31iLF1l0oxxxx E79h, 1986p27421-10r2020-06-25w2020-06-25yLFPDZNo se presta c26913d26913